Frijol y chícharo

Gespeichert in:
Bibliographische Detailangaben
Format: Buch
Sprache:Spanisch
Veröffentlicht: Ciudad de México Trillas 1990
Ausgabe:2a. ed
Schriftenreihe:Manuales para Educación Agropecuaria. Area: Producción Vegetal, 12
Schlagworte:
Tags: Tag hinzufügen
Keine Tags, Fügen Sie den ersten Tag hinzu!

MARC

LEADER 00000nam a2200000 a 4500
001 UCK3850
003 CL-VaPUC
008 050513e19900000MX |||||||||||||||||spa|d
020 |a 9682433835 
082 0 4 |a 635.65  |b FRI  |2 21 
245 1 0 |a Frijol y chícharo 
250 |a 2a. ed 
300 |a 58 p 
942 |c BK 
945 |d 20050513 00:00:00  |a cmena 
260 |a Ciudad de México  |b Trillas  |c 1990 
650 7 |a FRIJOL  |2 CL-VaPUC  |9 401550 
650 7 |a CHICHARO  |2 CL-VaPUC  |9 492197 
650 7 |a LEGUMBRES  |2 CL-VaPUC  |9 460302 
650 0 |a Cultivo  |9 264268 
650 0 |a Producción agrícola  |9 353481 
583 |a last modification  |c 20050513 00:00:00  |k Rodrigo Vera 
490 0 |a Manuales para Educación Agropecuaria. Area: Producción Vegetal, 12 
999 |c 312901  |d 312899 
952 |0 0  |1 0  |4 0  |6 635_650000000000000_FRI_1990  |7 0  |8 A  |9 383747  |a BIBAGR  |b BIBAGR  |d 2019-11-22  |i 4124847  |o 635.65 FRI 1990  |p 4124847  |r 2025-01-20  |w 2019-11-22  |y BK  |k AGR 
952 |0 0  |1 0  |4 0  |6 635_650000000000000_FRI_1990  |7 0  |8 A  |9 383748  |a BIBAGR  |b BIBAGR  |d 2019-11-22  |i 4118537  |o 635.65 FRI 1990  |p 4118537  |r 2025-01-20  |w 2019-11-22  |y BK  |k AGR